| 000 | 00814nam a2200193 i 4500 | ||
|---|---|---|---|
| 001 | 166892 | ||
| 003 | ES-MaACL | ||
| 005 | 20231223063112.0 | ||
| 008 | 960320s1898 sp |||| | spa d | ||
| 100 | 1 |
_aValera, Juan, _d1824-1905 _9112638 |
|
| 245 | 1 | 0 |
_aDe varios colores / _cJuan Valera. |
| 260 |
_aMadrid : _bLibrería de Fernando Fé, _c1898 ( _fEst. tip. de Ricardo Fé) |
||
| 300 |
_aVIII, 242 p. ; _c17 cm. |
||
| 505 | 8 | _aContiene: Breves historias ; Garuda o La cigüeña blanca ; El cautivo de doña Mencia ; El maestro Raimundico ; Cuentos japoneses ; Un drama trágico | |
| 530 | _aDisponible en formato digital. | ||
| 852 | 4 |
_aES-MaACL _jF-12879 _z- Enc. pasta española |
|
| 856 | 4 |
_uhttp://bdh-rd.bne.es/viewer.vm?id=0000108767&page=1 _zBiblioteca Digital Hispánica |
|
| 999 |
_c166892 _d166892 |
||